000 00406cam a22001337a 4500
008 180718b1975 xxu||||| |||| 00| 0 eng d
082 _aP4121x54 In2u
100 _aIndia. Committee for Promotion of Urdu
245 _aReport of the Committee for promotion of Urdu, 1975
260 _aNew Delhi
_bThe author
_c1975
300 _a296+p.
500 _aChairman: I.K. Gujral
700 _aGujral, I.K., Chairman
999 _c489480
_d489480